000 00693nam a2200289Ia 4500
001 Z_1030
003 CHAP
008 220113s1984 xx 000 0 und d
010 _a164110
040 _cCHAP
082 _a001.6424 M2y
100 _aMcCracken, Daniel D
_973440
245 _aProgramación Fortran IV /
_cpor Daniel D. McCracken
260 _aMéxico, D. F. :
_bLimusa,
_c1984
300 _a270 p. :
_bilus
440 _a
500 _a
503 _aC/E
650 _aFortran (Programación)
_942651
650 _aLenguajes de programación I. t.
_9138084
901 _a001.6424 M2y
902 _aA
910 _a1984
942 _c1
942 _cc1
999 _c164110
_d164110